000 00317nam a22001217a 4500
040 _c0
082 _a297.63
_bG4111 E
100 _aDr.Khalid Ghaznavi
245 _aElaj e Nabvi Aur Jadeed Science: Pet Ki Bimariyan
260 _aLahore
_bAl Faisal Nashran-O-Tajran Kitab
_c1993
300 _a386p.
942 _2ddc
_cBK
999 _c614644
_d614644